000 00599nam a2200193Ia 4500
003 GCL
008 140319s9999 xx 000 0 ara d
040 _aGCL /
_cGCL
082 0 4 _aط
_b813.0876
_bس هـ
100 1 _aالسيد القماحى
245 1 0 _aهروب نهر النيل /
_cالسيد القماحى
700 1 _aسعيد المسيرى
260 _a[S.N] :
_bالمركز القومى لثقافة الطفل
490 _aحقائق للحياة
_v0
650 0 4 _aالاطفال
650 0 4 _aقصص الاطفال
650 0 4 _aالقصص العلمية
942 _2ddc
_cBK
999 _c34995
_d34995